| 000 | 00406nam a2200145Ia 4500 | ||
|---|---|---|---|
| 008 | 211109s9999||||xx |||||||||||||| ||und|| | ||
| 082 |
_a821 _bMIL-M |
||
| 100 | _aMilton, John, Etc, | ||
| 245 | 0 | _aModren Poetry B A Degree Examination, | |
| 260 |
_bNATIONAL BOOKSTALL _aKottayam _c1943 |
||
| 300 | _a63p | ||
| 630 | _xGeneral Stack | ||
| 650 |
_aEnglish Literature _vEnglish Poetry _xEnglish |
||
| 942 | _cBOOK | ||
| 999 |
_c9802 _d9802 |
||